Jyotiprasadar natak/ (Record no. 11501)

MARC details
000 -LEADER
fixed length control field 00545nam a22001937a 4500
005 - DATE AND TIME OF LATEST TRANSACTION
control field 20230321132055.0
008 - FIXED-LENGTH DATA ELEMENTS--GENERAL INFORMATION
fixed length control field 230321b ||||| |||| 00| 0 eng d
040 ## - CATALOGING SOURCE
Original cataloging agency IN-DiNC
Transcribing agency IN-DiNC
041 ## - LANGUAGE CODE
Language code of sung or spoken text Assamese
082 ## - DEWEY DECIMAL CLASSIFICATION NUMBER
Classification number 891.4512
Item number JYO
100 ## - MAIN ENTRY--PERSONAL NAME
Personal name Agarwalla, Jyotiprasad
Relator term Author
245 ## - TITLE STATEMENT
Title Jyotiprasadar natak/
Statement of responsibility, etc. ed. by Hiren Gohain
250 ## - EDITION STATEMENT
Edition statement 2nd ed.
260 ## - PUBLICATION, DISTRIBUTION, ETC.
Place of publication, distribution, etc. Guwahati:
Name of publisher, distributor, etc. Publication Board Assam,
Date of publication, distribution, etc. 2010.
300 ## - PHYSICAL DESCRIPTION
Extent xxiv, 438p.
650 ## - SUBJECT ADDED ENTRY--TOPICAL TERM
Topical term or geographic name entry element Drama of Jyotiprasad Agarwalla
700 ## - ADDED ENTRY--PERSONAL NAME
Personal name Gohain, Hiren
Relator term Editor
942 ## - ADDED ENTRY ELEMENTS (KOHA)
Source of classification or shelving scheme Dewey Decimal Classification
Koha item type Books
Holdings
Withdrawn status Lost status Source of classification or shelving scheme Damaged status Not for loan Collection code Home library Current library Shelving location Date acquired Cost, normal purchase price Total Checkouts Full call number Barcode Date last seen Date last checked out Copy number Price effective from Koha item type
    Dewey Decimal Classification     Assamese Central Library, Naharkatiya College Central Library, Naharkatiya College General Stacks 21/03/2023 180.00 1 891.4512 JYO 26037 18/09/2024 09/09/2024 1 21/03/2023 Books

Naharkatiya College © 2020. All rights reserved.

Powered By